| 000 | 01081cam a22003014a 4500 | ||
|---|---|---|---|
| 005 | 20050411153146.0 | ||
| 008 | 040917s2006 ohua b 001 0 eng | ||
| 010 | _aENG-95399 | ||
| 020 |
_a9788120339583 _c550.00 |
||
| 035 | _aEN-78932 | ||
| 037 | _bDBAD/PUB | ||
| 040 | _aDPL | ||
| 100 | _aBurton, Maureen. | ||
| 245 |
_aThe financial system and the economy : _bprinciples of money & banking / _cMaureen Burton, Bruce Brown |
||
| 250 | _a5th ed. | ||
| 260 |
_aNew Delhi _bPHI Learning Pri. Ltd. _c2009 |
||
| 300 |
_axxii, 686 p. : _bill. ; _c26 cm.(Pbk) |
||
| 504 | _aIncludes bibliographical references and index. | ||
| 650 | _aFinance. | ||
| 650 | _aMoney. | ||
| 650 | _aBanks and banking. | ||
| 650 | _aFinancial institutions. | ||
| 650 | _aFinancial services industry. | ||
| 700 | _aBrown, Bruce | ||
| 942 |
_2ddc _cEN _mBUR |
||
| 999 |
_c31641 _d31641 |
||